A study of human sperm antigens using an animal model /
Saved in:
| 主要作者: | |
|---|---|
| 格式: | Thesis 图书 |
| 语言: | English |
| 出版: |
1981.
|
| 主题: | |
| 标签: |
添加标签
没有标签, 成为第一个标记此记录!
|
| LEADER | 00786cam a2200253 4500 | ||
|---|---|---|---|
| 001 | u30366 | ||
| 003 | SIRSI | ||
| 008 | 821013s1981 si v 0 eng | ||
| 015 | |a X820003648 | ||
| 035 | |a AAD-2775 | ||
| 040 | |a UMM | ||
| 090 | 0 | 0 | |a QR186.5 |b Chi |
| 100 | 1 | 0 | |a Chia, Choy May |
| 245 | 1 | 2 | |a A study of human sperm antigens using an animal model / |c Chia Choy May |
| 260 | |c 1981. | ||
| 300 | |a xviii, 273 leaves : |b ill. ; |c 30cm | ||
| 502 | |a Dissertation (M.Sc.) -- National University of Singapore, 1981 | ||
| 504 | 0 | 0 | |a Bibliography: leaves 231-264 |
| 650 | 0 | |a Antigens | |
| 650 | 0 | |a Spermatozoa | |
| 650 | 0 | |a Fertility, Human |x Immunological aspects | |
| 948 | |a 16/03/1991 |b 12/06/2002 | ||
| 596 | |a 1 | ||
| 999 | |a QR186.5 CHI |w LC |c 1 |i A002661632 |l STACKS |m P01UTAMA |r Y |s Y |t TESIS |u 17/3/1992 | ||
